Response of cabbage plants (Brassica oleraceae var. capitata L. ) to fertilization with chicken manure, mineral nitrogen fertilizer and humic acid (Record no. 47799)

MARC details
000 -LEADER
fixed length control field 02016cab a2200313Ia 45 0
001 - CONTROL NUMBER
control field u194542
003 - CONTROL NUMBER IDENTIFIER
control field SIRSI
008 - FIXED-LENGTH DATA ELEMENTS--GENERAL INFORMATION
fixed length control field 110823s2010 ua ss b eng d
040 ## - CATALOGING SOURCE
Original cataloging agency EAL
041 ## - LANGUAGE CODE
Language code of text/sound track or separate title eng
Language code of summary or abstract ara
090 ## - LOCALLY ASSIGNED LC-TYPE CALL NUMBER (OCLC); LOCAL CALL NUMBER (RLIN)
Classification number (OCLC) (R) ; Classification number, CALL (RLIN) (NR) ART ASEJ V31 No4 14
100 1# - MAIN ENTRY--PERSONAL NAME
Personal name El-Sharkawy, Gehan. A.
240 10 - UNIFORM TITLE
Uniform title Alexandria science exchange journal, 2010 v. 31 (4)
Medium [electronic resource]:
-- an international quarterly journal of science agricultural environments.
245 10 - TITLE STATEMENT
Title Response of cabbage plants (Brassica oleraceae var. capitata L. ) to fertilization with chicken manure, mineral nitrogen fertilizer and humic acid
Medium [electronic resource].
246 15 - VARYING FORM OF TITLE
Title proper/short title استجابة نباتات الكرنب للتسميد بزرق الدواجن والسماد الآزوتى المعدنى وحامض الهيوميك.
300 ## - PHYSICAL DESCRIPTION
Extent P.416-432.
504 ## - BIBLIOGRAPHY, ETC. NOTE
Bibliography, etc. note Includes references.
520 ## - SUMMARY, ETC.
Summary, etc. Response of cabbage plants to different rates of chicken manure (00, 10 and 20 m3/fed.), levels of mineral N (00, 60 and 120 kg N/fed. as ammonium nitrate) and humic acid foliar treatments (0, 1 and 2 g/l) as well as their interactions was studied at the Experimental Station Farm, Faculty of Agriculture, Alexandria University during two growing seasons of 2007/2008 and 2008/2009. The obtained results indicated that application of 20 m3/fed. of chicken manure showed more superior effect on vegetative growth characters (plant weight, non wrapper leaves weight and number, as well as total head yield and its component (net head weight, head length and diameter), and N content of inner edible leaves.
546 ## - LANGUAGE NOTE
Language note Summary in Arabic.
596 ## -
-- 1
650 #0 - SUBJECT ADDED ENTRY--TOPICAL TERM
Topical term or geographic name entry element Cabbage
General subdivision Fertilizers
650 #0 - SUBJECT ADDED ENTRY--TOPICAL TERM
Topical term or geographic name entry element Nitrogen fertilizers
650 #0 - SUBJECT ADDED ENTRY--TOPICAL TERM
Topical term or geographic name entry element Humic acid.
650 #0 - SUBJECT ADDED ENTRY--TOPICAL TERM
Topical term or geographic name entry element Poultry
General subdivision Manure.
650 #3 - SUBJECT ADDED ENTRY--TOPICAL TERM
Topical term or geographic name entry element Mineral fertilizers.
700 1# - ADDED ENTRY--PERSONAL NAME
Personal name Saleh, Abdel-Razzak H.
773 0# - HOST ITEM ENTRY
Title Alexandria Science Exchange Journal.
Related parts 2010.v.31(4)
International Standard Serial Number 1110-0176
Control subfield nnas
Record control number u193445
856 40 - ELECTRONIC LOCATION AND ACCESS
Uniform Resource Identifier <a href="http://nile.enal.sci.eg/EALE/2010/ASEJ/3110/4/416.pdf">http://nile.enal.sci.eg/EALE/2010/ASEJ/3110/4/416.pdf</a>
Public note Full Text Article
942 ## - ADDED ENTRY ELEMENTS (KOHA)
Koha item type Articles
Source of classification or shelving scheme Library of Congress Classification

No items available.


Home | About ENAL | Collections | Services | Activities | Calendar | Contact us

7 Nadi El Sayed St., Giza, Egypt | Phone:02-33351121 +02-33351313 | 
| Email: enalegypt@gmail.com